Fruits and fireworks /

Stefano Graziani is a photographer living and working in Trieste. Trained as an architect, he teaches the history and technique of photography at the Faculty of Architecture at the University of Trieste and has been working for five years in the photographic lab of the Design and Art Faculty at IUAV...

Full description

Bibliographic Details
Other Authors: Graziani, Stefano (Photographer)
Format: Book
Language:Italian
English
Published: Milano : a+mbookstore, 2015.
Subjects:
Online Access:TOC

MARC

Tag First Indicator Second Indicator Subfields
LEADER 00000cam a2200000Ii 4500
001 in00003850813
005 20170528144637.0
008 161003t20152016it a 000 0 ita d
035 |a (OCoLC)ocn959649710 
040 |a YDX  |b eng  |e rda  |c YDX  |d OCLCQ  |d C3L  |d ZCU  |d OCLCO  |d TXA 
020 |a 8887071632 
020 |a 9788887071634 
035 |a (OCoLC)959649710 
041 1 |a ita  |a eng  |h ita 
050 4 |a TR655  |b .G72 2016 
082 1 4 |a 779  |2 14 
049 |a TXAM 
100 1 |a Graziani, Stefano,  |e photographer. 
245 1 0 |a Fruits and fireworks /  |c Stefano Graziani ; testi di Francesco Garutti. 
264 1 |a Milano :  |b a+mbookstore,  |c 2015. 
264 4 |c ©2016 
300 |a 1 volume (unpaged) :  |b color illustrations ;  |c 30 cm 
336 |a text  |b txt  |2 rdacontent 
336 |a still image  |b sti  |2 rdacontent 
337 |a unmediated  |b n  |2 rdamedia 
338 |a volume  |b nc  |2 rdacarrier 
500 |a "Cavallino-Treporti Fotografia" 
520 |a Stefano Graziani is a photographer living and working in Trieste. Trained as an architect, he teaches the history and technique of photography at the Faculty of Architecture at the University of Trieste and has been working for five years in the photographic lab of the Design and Art Faculty at IUAV, Venice, as well as organising different workshops at universities throughout Europe. The Cavallino-Treporti Fotografia initiative selected Graziani its chosen photographer this year because he has contributed both new images and a new language to the medium, creating meaningful links between the fascinating physical properties of nature and the ethereality of fireworks.  |c Publisher. 
600 1 0 |a Graziani, Stefano. 
650 0 |a Photography, Artistic. 
650 0 |a Fruit  |v Pictorial works. 
650 0 |a Fireworks  |v Pictorial works. 
700 1 |a Garutti, Francesco,  |e writer of added commentary. 
856 4 2 |3 TOC  |u http://www.columbia.edu/cgi-bin/cul/resolve?clio12280964  |t 0 
945 |b 105013 
947 |a A14850176521 
994 |a C0  |b TXA 
948 |a cataloged  |b h  |c 2017/5/28  |d c  |e nbehmer  |f 2:44:03 pm 
999 f f |s 6c91d81e-eb27-34bd-a249-8f8abfa11854  |i 540fc483-1f95-343b-be07-fe6454017e1c  |t 0 
952 f f |p normal  |a Texas A&M University  |b College Station  |c Sterling C. Evans Library  |d Evans: Library Stacks  |t 0  |e TR655 .G72 2016  |h Library of Congress classification  |i unmediated -- volume  |m A14850176521 
998 f f |a TR655 .G72 2016  |t 0  |l Evans: Library Stacks